00573nam a2200145 a 450000100100000000500170001000800410002704000250006811000690009324500420016226000650020430000360026995201050030599900170041000003002020250221073755.0110428s19uu dr ac 000 0 spa d aDO-SdBNPbspacBNPHU1 aRepública Dominicana.bOficina Nacional de Estadística9577510aPor las rutas del cibao (1era parte). aSanto Domingo :bOficina Nacional de Estadística,c[19-?]. a57 p. :bils., retrs. ;c28 cm. 0010718PDaPDbPDcHDd2011-04-28iLF1l0o p30020-10r2020-06-25w2020-06-25yLFPDZNo se presta c29512d29512